000 00756nam a2200253 a 4500
001 000003511
003 DO-SdBNP
005 20240412074201.0
007 ta
008 090709s2009 dr 000 p spa d
020 _a9789945863024
040 _aDO-SdBNP
_bspa
_cBNPHU
082 4 _aRD861.5
_bT676r
_222
100 1 _aToral, Juan Carlos,
_d1966-
_910892
245 1 0 _aLa rosa /
_cJuan Carlos Toral.
260 _aSanto Domingo :
_bEdiciones Biik,
_c2009.
300 _a58 p. ;
_c21 cm.
500 _aIncluye datos biográficos del autor en la solapa de la cubierta
590 _aInventariado, 2020/MFF
650 4 _aPoesía dominicana
_966
650 4 0 _aLiteratura dominicana.
_967
910 _aValidado. Control de calidad MFF
942 _2ddc
_cLBS1
999 _c3338
_d3338